1056 1924 1516 1147 1658 1905 1923 1480 1869 1384 1590 1972 1952 1554 1335 1595 1522 1973 1861 1132 1216 1753 1320 1744 1593 1954 1728 1702 1324 1587 1680 1050 1701 1238 1141 1079 1408 1496 1064 1918 1368 1841 1795 1776 1799 1778 1545 1679 1851 1807 1288 1349 1719 1424 1085 1441 1211 1550 1825 1125 1689 1101 1732 1479 1699 1575 1172 1682 1770 1674 1447 1308 1397 1665 1184 1845 1695 1106 1728 1008 1872 1412 1507 1936 1201 1131 1724 1307 1299 1342 1764 1357 1134 1885 1049 1288 1476 1966 1795 BCNSPRNW ULIB Ver.6.0+V

เปลี่ยนเป็นภาษาไทย

Change to English
 แสดงรายละเอียดบรรณานุกรม
  กลับหน้าหลัก

Brief Record : Get Marc (ISO 2709) : E-mail record : QR code < ปิดหน้าต่าง
LEADER : 00000nam 2200000uu 4500
001    13399121404
003     ULIB
008    121116s2553||||th 000 0 tha d
024    ^a9786160800872
050  4 ^aQA76.76^bห166ส
100 0  ^aหนูออด
245 10 ^aสนุกเล่น-เป็นง่าย Multiply สร้างแกลเลอรี่ออนไลน์สไตล์คุณ/^cหนูออด
260    ^aกรุงเทพฯ:^bซีเอ็ดยูเคชั่น,^c2553
300    ^a448 หน้า
650  4 ^aเว็บไซต์
650  4 ^aโปรแกรมคอมพิวเตอร์
650  4 ^aการสนทนาผ่านอินเทอร์เน็ต
945    ^p229^l0^i16665
995    ^aวิภา
999    ^aกัณชพร
รายการนี้ยังไม่มีแท็ก
คุณยังไม่ได้ล็อกอิน คุณสามารถมีกิจกรรมร่วมกับเว็บไซต์ได้ แต่ต้องล็อกอินก่อน ::
  ล็อกอิน

รายการสื่อสารสนเทศ

ลำดับที่ ประเภท เลขเรียก/บาร์โค้ด สถานที่ สถานะ
1. วิทยาศาสตร์การแพทย์ และสุขภาพ
วิทยาศาสตร์การแพทย์ และสุขภาพ
QA76.76 ห166ส  
  Barcode: 16665
ห้องสมุดวิทยาเขตสวรรค์ประชารักษ์
►หนังสือทั่วไป
บนชั้น

รายการใกล้เคียง
    หัวเรื่อง [เว็บไซต์]
    หัวเรื่อง [โปรแกรมคอมพิวเตอร์]

BibComment


ยังไม่เคยถูกคอมเมนท์

คอมเมนท์ทรัพยากรรายการนี้
  คอมเมนท์: สนุกเล่นเป็นง่าย..


 Copyright 2026. Bcnsprnw @Library